| 000 | 00541nam a2200157Ia 4500 | ||
|---|---|---|---|
| 008 | 151213s9999 xx 000 0 und d | ||
| 020 | _a984-483-044-5 | ||
| 100 | _aমোফাজ্জল করিম। | ||
| 245 |
_aআটকুঠুরী নয় দরজা।(১) _cমোফাজ্জল করিম। |
||
| 260 |
_aঢাকা _bদিব্য প্রকাশ। _c2000 |
||
| 300 | _a8425 p. | ||
| 650 | _aBangla | ||
| 650 | _aBengali Literature | ||
| 700 | _aমোফাজ্জল করিম। | ||
| 999 |
_c4263 _d4263 |
||